000 00881nam a2200265 a 4500
001 000044252
003 DO-SdBNP
005 20250204092151.0
007 ta
008 140611s2001 dr 000 0 spa d
020 _a9993455016
040 _aDO-SdBNP
_bspa
_cBNPHU
082 4 _aRD863.44
_bS638m
_222
245 0 0 _aRosa Smester :
_bmaestra de maestras /
_ccompilador Julio Jaime Julia ; editores José Rafael Vargas Tomás Castro Burdiez.
260 _aSanto Domingo :
_bCiguapa,
_c2001.
300 _a142 p. ;
_c22 cm.
600 1 4 _aSmester, Rosa
_c
_d1874-1945
_977259
650 0 _aCuentos infantiles dominicanos
_9505
650 4 _aLiteratura infantil dominicana
_9441
700 1 2 _aJulia, Julio Jaime
_d1922-1993
_ecomp.
_920185
700 1 _aVargas, José Rafael
_eed.
_921851
700 _aCastro, Tomás,
_d1959-
_eed.
_924641
910 _aVMateo
942 _2ddc
_cLBS1
999 _c43741
_d43741